Indo-us nuclear deal: (Record no. 27785)

MARC details
000 -LEADER
fixed length control field 03121nam a22004215a 4500
005 - DATE AND TIME OF LATEST TRANSACTION
control field 20090622162841.0
008 - FIXED-LENGTH DATA ELEMENTS--GENERAL INFORMATION
fixed length control field 090324s2009 ii a b 001 0 eng
010 ## - LCCN (DPL NO)
LC control number ENG-94189
020 ## - INTERNATIONAL STANDARD BOOK NUMBER
International Standard Book Number 9780415544528
Terms of availability 695.00
035 ## - SYSTEM CONTROL NUMBER
System control number EN-77722
035 ## - SYSTEM CONTROL NUMBER
System control number B-361802-809
037 ## - SOURCE OF ACQUISITION
Source of stock number/acquisition DBAD / PUB
037 ## - SOURCE OF ACQUISITION
Source of stock number/acquisition Uppal Book Store
040 ## - CATALOGING SOURCE
Original cataloging agency dpl
Language of cataloging English
082 ## - DEWEY DECIMAL CLASSIFICATION NUMBER
Classification number 327.17470954073
245 ## - TITLE STATEMENT
Title Indo-us nuclear deal:
Statement of responsibility, etc edited by P.R. Chari
Remainder of title seeking synergy in bilateralism /
260 ## - PUBLICATION, DISTRIBUTION, ETC. (IMPRINT)
Place of publication, distribution, etc New Delhi
Name of publisher, distributor, etc Routledge
Date of publication, distribution, etc 2009
270 ## - ADDRESS
Address 912-915 Tolstory House, 15-17 Tolstoy Marg
City New Delhi
Postal code 110001
300 ## - PHYSICAL DESCRIPTION
Extent x, 326p.
Dimensions 23cm(Hb)
500 ## - GENERAL NOTE
General note Includes index
610 ## - SUBJECT ADDED ENTRY--CORPORATE NAME
Corporate name or jurisdiction name as entry element India
Title of a work Treaties, etc.
Geographic subdivision United states
650 ## - SUBJECT ADDED ENTRY--TOPICAL TERM
Topical term or geographic name as entry element Nuclear energy
General subdivision Government policy
Geographic subdivision India
650 ## - SUBJECT ADDED ENTRY--TOPICAL TERM
Topical term or geographic name as entry element Nuclear energy
Geographic subdivision India
General subdivision International cooperation
651 ## - SUBJECT ADDED ENTRY--GEOGRAPHIC NAME
Geographic name India
General subdivision Foreign relations
Geographic subdivision United states
651 ## - SUBJECT ADDED ENTRY--GEOGRAPHIC NAME
Geographic name United states
General subdivision Foreign relations
Geographic subdivision India
700 ## - ADDED ENTRY--PERSONAL NAME
Personal name Chari, P.R.
942 ## - ADDED ENTRY ELEMENTS (KOHA)
Source of classification or shelving scheme Dewey Decimal Classification
Item type English Books
Call number suffix IND
Classification part 327.17470954073
Holdings
Withdrawn status Lost status Source of classification or shelving scheme Damaged status Not for loan Collection code Home library Current library Date acquired Source of acquisition Cost, normal purchase price Total Checkouts Full call number Barcode Date last seen Copy number Cost, replacement price Koha item type Total Renewals
    Dewey Decimal Classification       Central Library Central Library 08/03/2010 Uppal Book Store/9020/30.1.09/138/16.10.09/30.10.09 695.00   327.17470954073 IND B-361802 08/03/2010 1 695.00 English Books  
    Dewey Decimal Classification   Not For Loan Non-fiction D.B.Act.Division D.B.Act.Division 22/06/2009 DBAD / PUB 695.00   327.17470954073 IND EN-77722 22/06/2009 1 695.00 English Books  
    Dewey Decimal Classification       Karol Bagh Karol Bagh 08/03/2010 Uppal Book Store/9020/30.1.09/138/16.10.09/30.10.09 695.00   327.17470954073 IND B-361806 08/03/2010 1 695.00 English Books  
    Dewey Decimal Classification       Patel Nagar Patel Nagar 08/03/2010 Uppal Book Store/9020/30.1.09/138/16.10.09/30.10.09 695.00   327.17470954073 IND B-361803 08/03/2010 1 695.00 English Books  
  Written-off vide DLB M. No. 383 dt 16.05.19 Dewey Decimal Classification       R.C.Libraries (BL-IV) R.C.Libraries (BL-IV) 08/03/2010 Uppal Book Store/9020/30.1.09/138/16.10.09/30.10.09 695.00   327.17470954073 IND B-361809 08/03/2010 1 695.00 English Books  
    Dewey Decimal Classification       Sarojini Nagar Sarojini Nagar 08/03/2010 Uppal Book Store/9020/30.1.09/138/16.10.09/30.10.09 695.00   327.17470954073 IND B-361804 08/03/2010 1 695.00 English Books  
    Dewey Decimal Classification       Shahdara Branch Shahdara Branch 08/03/2010 Uppal Book Store/9020/30.1.09/138/16.10.09/30.10.09 695.00   327.17470954073 IND B-361807 08/03/2010 1 695.00 English Books  
    Dewey Decimal Classification       Vinoba Puri Vinoba Puri 08/03/2010 Uppal Book Store/9020/30.1.09/138/16.10.09/30.10.09 695.00 5 327.17470954073 IND B-361805 20/11/2018 1 695.00 English Books 1
    Dewey Decimal Classification       Yojana Vihar Yojana Vihar 08/03/2010 Uppal Book Store/9020/30.1.09/138/16.10.09/30.10.09 695.00   327.17470954073 IND B-361808 08/03/2010 1 695.00 English Books  

© Delhi Public Library
Hit Counter
free hit counter